Statistiken für Fußball: Deutsche Legionäre (Deutsche Spieler im Ausland)

Klicken Sie hier um das Quiz zu spielen!

Allgemein

  • Dieses Quiz wurde 262 mal gespielt
    (20 seit der letzten Aktualisierung)
  • Das Durchschnittsergebnis liegt bei 16 aus 35

Antwortstatistiken

VereinMarktwert
(In Millionen €)
Spieler% Korrekt
Arsenal60,0Kai Havertz
100%
FC Barcelona30,0Marc-Andre ter Stegen
100%
Real Madrid12,0Toni Kroos
100%
FC Barcelona16,0Ilkay Gündogan
94%
AC Mailand30,0Malick Thiaw
94%
Real Madrid25,0Antonio Rüdiger
89%
Tottenham17,0Timo Werner
89%
Brighton8,0Pascal Groß
83%
Manchester City9,0Stefan Ortega
78%
West Ham United18,0Thilo Kehrer
78%
FC Fulham12,0Bernd Leno
67%
SSC Neapel3,0Diego Demme
61%
FC Brentford22,0Vitaly Janelt
61%
Nashville (USA)12,0Hany Mukthar
56%
FC Brentford25,0Kevin Schade
56%
Inter Mailand15,0Yann Aurel Bisseck
56%
Al-Ahli SC (Katar)6,0Julian Draxler
50%
PSV Eindhoven18,0Armel-Bella Kotchap
44%
Galatasaray6,0Kerem Demirbay
44%
Inter Miami (USA)3,0Julian Gressel
33%
FC Burnley16,0Jordan Beyer
28%
US Sassuolo4,5Jeremy Toljan
22%
Feyenoord6,0Timon Wellenreuther
22%
Frosinone (ITA)4,0Arijon Ibrahimovic
17%
Ajax Amsterdam10,0Diana Ramaj
17%
Sampdoria Genua3,5Koray Günter
17%
Twente Enschede3,5Lars Unnerstall
17%
FC Utrecht5,0Can Bozdogan
11%
St. Louis (USA)5,5Eduard Löwen
11%
Phildadelphia (USA)5,0Kai Wagner
11%
Galatasaray4,8Derrick Köhn
6%
RB Salzburg3,0Hendry Blank
6%
FC Toulouse3,0Niklas Schmidt
6%
Hellas Verona4,0Suat Serdar
6%
Stade Reims3,0Reda Khadra
0%

Verteilung der Resultate

Perzentil nach korrekt beantworteten Fragen

Anzahl Personen mit jedem Resultat

Ihre Resultats-Entwicklung

Sie haben dieses Quiz seit der letzten Aktualisierung nicht gespielt